000 00388nam a22001697a 4500
005 20160903122003.0
008 160903b xxu||||| |||| 00| 0 eng d
020 _a81-8189-179-1
041 _aeng
082 _b20914
100 _aVIJENDER SINGH , M.S. VASISHTHA
_93458
245 _aRURAL EXTENSION HANDBOOK
250 _a1 ST
260 _bIBDC
_c2007
300 _a70
942 _cBK
999 _c5163
_d5161